| 000 | 00816nam a2200265 a 4500 | ||
|---|---|---|---|
| 001 | 54779 | ||
| 003 | BD-RjUL | ||
| 005 | 20211209080152.0 | ||
| 008 | 161110s1966 enka b 001 0 eng | ||
| 035 | _a(BD-RjUL)54901 | ||
| 040 |
_aDLC _cOClU _dOCoLC _dBD-RjUL _beng |
||
| 041 | _aeng | ||
| 082 |
_a658.15 _223 _bHAM 1966 |
||
| 100 | 1 |
_aHastings, Paul Guiler, _d1914- _9163307 |
|
| 245 | 1 | 4 |
_aThe management of business finance / _cby Paul G. Hastings. |
| 260 |
_aLondon : _bVan Nostrand, _cc1966 |
||
| 300 |
_axii, 527 p. : _bill. ; _c24 cm. |
||
| 490 | 0 | _aVan Nostrand series in business administration and economics | |
| 500 | _aInclude index | ||
| 650 | 0 |
_aFinance. _9163308 |
|
| 650 | 0 |
_aBudget in business. _9136593 |
|
| 650 | 0 |
_aCorporations _xFinance. _9163309 |
|
| 942 |
_2ddc _cBK |
||
| 999 |
_c54779 _d54779 |
||